AH International Schools' Libraries

Plagues and pandemics / (Record no. 48848)

MARC details
000 -LEADER
fixed length control field 01015nam a2200205 4500
001 - CONTROL NUMBER
control field 21934719
020 ## - INTERNATIONAL STANDARD BOOK NUMBER
International Standard Book Number 9780593120408
Qualifying information (trade paperback)
100 1# - MAIN ENTRY--PERSONAL NAME
Personal name Messner, Kate,
Relator term author.
9 (RLIN) 1781
245 10 - TITLE STATEMENT
Title Plagues and pandemics /
Statement of responsibility, etc Kate Messner. with special thanks to Ella Messner, who served as a researcher and contributor for this book.
250 ## - EDITION STATEMENT
Edition statement First edition.
260 ## - PUBLICATION, DISTRIBUTION, ETC. (IMPRINT)
Place of publication, distribution, etc New York:
Name of publisher, distributor, etc Randon House;
Date of publication, distribution, etc 2021.
300 ## - PHYSICAL DESCRIPTION
Extent 231 pages :
Other physical details illustrations, maps ;
Dimensions 20 cm.
490 0# - SERIES STATEMENT
Series statement History smashers series;
504 ## - BIBLIOGRAPHY, ETC. NOTE
Bibliography, etc Includes bibliographical references (pages 215-222) and index.
520 ## - SUMMARY, ETC.
Summary, etc "With a mix of sidebars, illustrations, photos, and graphic panels, this book uncovers the hidden truths about history's pandemics, from the Black Death to COVID-19"--
650 #0 - SUBJECT ADDED ENTRY--TOPICAL TERM
Topical term or geographic name as entry element Epidemics. Plague. Diseases and history.
9 (RLIN) 86243
650 #0 - SUBJECT ADDED ENTRY--TOPICAL TERM
Topical term or geographic name as entry element Communicable diseases. Black Death. COVID-19.
General subdivision History
Form subdivision Juvenile literature.
9 (RLIN) 86244
700 1# - ADDED ENTRY--PERSONAL NAME
Personal name Koch, Falynn,
Dates associated with a name 1985-
Relator term illustrator.
9 (RLIN) 80658
942 ## - ADDED ENTRY ELEMENTS (KOHA)
Source of classification or shelving scheme
Koha item type NON FIC SECTION
Holdings
Withdrawn status Lost status Source of classification or shelving scheme Damaged status Not for loan Collection code Home library Current library Shelving location Date acquired Total Checkouts Full call number Barcode Checked out Date last seen Date checked out Price effective from Koha item type
          Non-Fiction Asian Hope Secondary Library Asian Hope Secondary Library SECONDARY 04/21/2025 6 614.49 MES 208351 04/28/2026 04/21/2026 04/21/2026 04/21/2025 NON FIC SECTION

For any Logos Library related questions please contact Miss Art at swongnarasuk@asianhope.org.

For any Asian Hope Library related questions please contact Miss Raza at graza@asianhope.org.

Click here to explore our ebooks!

Powered by Koha